| 000 | 00741cam a2200277 4500 | ||
|---|---|---|---|
| 001 | 28884 | ||
| 005 | 20220405165330.0 | ||
| 090 | _a28884 | ||
| 095 | _aPTBN00322909 | ||
| 100 | _a20080416d1985 c y0pory5003 ba | ||
| 101 | 0 | _apor | |
| 102 | _aPT | ||
| 105 | _aa z 000fy | ||
| 106 | _ar | ||
| 930 | _lBECRE | ||
| 675 |
_a087.5 _vBN _zpor |
||
| 675 |
_a821.134.3-93"19" _vBN _zpor |
||
| 675 |
_a821.134.3-34"19" _vBN _zpor |
||
| 700 | 1 |
_aSoares, _bLuísa Ducla, _f1939- _92431 |
|
| 702 | 1 |
_aNemeth, _bMaria _4440 |
|
| 200 | 1 |
_aO senhor pouca sorte _fLuísa Ducla Soares _gil. Maria Nemeth |
|
| 210 |
_a[Lisboa] _cLivros Horizonte, _dcop. 1985 |
||
| 215 |
_a[16] p. _cil. _d16 cm |
||
| 225 | 2 |
_aSete estrelas _v13 |
|
| 801 | 0 |
_aPT _bBN _gRPC |
|
| 990 | _cLIVROS | ||